000 01023cam a2200313 a 4500
003 CHAP
005 20220329142123.0
008 990818d1979 mx a r 00010 spa d
010 _a78757
011 _a79729
020 _a8429148485
035 _a90122
040 _cCHAP
082 0 4 _a631.372
_bN6Y 1978
100 0 0 _aNovomírskiy, S. P.
_982059
245 1 0 _aMetodología de la enseñanza teórica de los tractores
_c/por S. P. Novomírskiy
260 _aBarcelona :
_bReverté,
_c1979.
300 _a257 p. :
_bilus.
500 _aTrad. de la 2 ed. en ruso de 1978?
590 _aBATCH-UPD
_b10
_c20130110
_lUCH01
_h0532
590 _aBATCH-UPD
_b10
_c20130410
_lUCH01
_h0212
590 _aBATCH-UPD
_b10
_c20130914
_lUCH01
_h1842
590 _aCONVERSION
_b10
_c20130109
_lUCH01
_h1344
650 _aTractores
_xEstudio y enseñanza
_9114578
901 _aBK
905 _aBlanca M. García O.
942 _cLIBRO
949 _a631.372 N6Y
_bBC
_cLIBRO
_d33724000736591
_eLIBRO
_f1978
_gI. 198995
_h96173
_i90122
_si
_t$311.00
999 _c78757
_d78757